| 000 | 00735nam a22002177a 4500 | ||
|---|---|---|---|
| 003 | BD-DhJNU | ||
| 005 | 20250810065732.0 | ||
| 008 | 250810b |||||||| |||| 00| 0 eng d | ||
| 020 | _a0669024902 | ||
| 040 |
_aBD-DhJNU _bENG _cBD-DhJNU _dBD-DhJNU |
||
| 082 |
_223 _a973.3 CON |
||
| 245 |
_aConflict & consensus in modern American history / _cedited by Allen F. Davis and Harold D. Woodman |
||
| 250 | _a5th ed. | ||
| 260 |
_aToronto : _bD. C. Heath Company, _c1980. |
||
| 300 |
_axxvii(iii), 537p : _bill. ; _c24 cm. |
||
| 650 |
_aUnited states _xhistory _y1775-1783, revolution |
||
| 650 |
_aUnited states _xhistory _ysocieties |
||
| 700 |
_aDavis, Allen F. _eeditor |
||
| 700 |
_aWoodman, Harold D. _eeditor |
||
| 942 |
_2ddc _cBK _n0 |
||
| 999 |
_c1977 _d1977 |
||